000 00419nam a22001337a 4500
020 _a978-81-87671-40-4
082 _a823
_bCAN/C
100 _aJACK CANFIELD, MARK VICTOR HANSEN, DAN MILLMAN, DIANA VON WELANETZ WENTWORTH
245 _aCHICKEN SOUP TO INSPIRE THE BODY AND SOUL
260 _aINDIA
_bWESTLAND LTD
_c2005
300 _a364
650 _aMOTIVATION, INSPIRATION AND HEALTHY LIFESTYLE
_zUNITED STATES
942 _cBK
999 _c13
_d13